Happy Easter in Different Languages - Statistics

General Stats
  • This quiz has been taken 154 times
    150 since last reset
  • The average score is 10 of 20
Answer Stats
Happy Easter Language % Correct
Христос Воскресе (Xristos Voskres) Russian
93%
Joyeuses Pâques French
86%
Frohe Ostern German
85%
Felices Pascuas Spanish
80%
復活祭おめでとうございます (fukkatsu-sai omedetō gozaimasu) Japanese
76%
Buona Pasqua Italian
69%
Καλό πάσχα (Kaló pásha) Greek
66%
Boa Páscoa Portuguese
59%
สุขสันต์วันอีสเตอร์ (sùk săn wan èet-dtêr) Thai
56%
God påske Norwegian/Danish
55%
Hyvää pääsiäistä Finnish
50%
Vrolijk Pasen Dutch
46%
Paskalya bayramınız kutlu olsun Turkish
36%
Kellemes Húsvéti Ünnepeket! Hungarian
34%
Bona Pasqua Catalan
27%
Priecīgas Lieldienas Latvian
25%
Vesele velikonočne praznike Slovenian
24%
Sretan Uskrs Croatian
23%
Schéin Ouschteren Luxembourgish
19%
Pasg Hapus Welsh
15%
No matching quizzes found
Score Distribution
Percent of People with Each Score
Percentile by Number Answered
Your Score History
You have not taken this quiz since the last reset